000 00346nam a2200121Ia 4500
008 210430s9999 xx 000 0 und d
082 _a621.4022 A2771 H
100 _aShyam K Agrawal
_953946
245 _aHeat and Mass transfer
_cShyam K Agrawal
260 _aNew Delhi
_bViva Books Private Limited
_c2005
300 _a435p.
942 _cBK
_2ddc
999 _c564333
_d564333